O Bacilo de Koch e o Homem (Record no. 45433)

MARC details
000 -Etiqueta do registo
Valores 00567cam a22001811 4500
100 ## - Dados gerais de processamento
Dados gerais 19940104d1945 k y0pory5003 ba
101 0# - Língua de publicação
Língua por
102 ## - País de publicação
País PT
200 1# - Titulo e menção de responsabilidade
Título próprio O Bacilo de Koch e o Homem
Informação de outro título questões médico-sociais da tuberculose pulmonar
Primeira menção de responsabilidade Ladislau Patrício
210 #9 - Publicação
Local de publicação Lisboa
Nome do editor Edições Cosmos,
Data de publicação imp. 1945
215 ## - Descrição física 
Paginação / Volumes 121, [6] p.
Outras indicações físicas il.
Dimensões 19 cm
225 2# - Colecção 
Título próprio da colecção Biblioteca Cosmos
Indicação de volume 83
Número de parte ou secção 1.ª seccão.
Nome de parte ou secção Ciências e Técnicas
Indicação de volume 43
675 ## - CDU
Notação 616.2
700 #1 - Autor principal
Apelido Patrício,
Nome Ladislau,
Datas 1883-1967
801 #0 - Fonte de origem
País PT
Agência BN
Regras de catalogação RPC
990 ## - Elementos KOHA
Tipo de documento Livro
Holdings
Aquisição Empréstimo Código de barras Cota Permissão de empréstimo Tipo de documento
Biblioteca Municipal de Redondo Biblioteca Municipal de Redondo 056152 616.2 PAT Consulta presencial Livro

Powered by Koha